00742nam a2200157Ia 4500008004100000040001800041041000800059100004800067245025400115250001200369260007300381300001800454650002300472650004800495650004100543130821s1983 ck gr spa  aCo-BoUCMbspa aspa aValenzuela y Mantilla, Juan Eloyd1756-1834 aPrimer diario de la Real Expedición Botánica del Nuevo Reino de Granada Comprende desde el día 29 de abril de 1783 hasta el día 8 de mayo de 1784cJuan Eloy Valenzuela y Mantilla; prologo de Enrique Pérez Arbeláez; María Acevedo Diaz. a2a. ed. aBogotá (Colombia)bInstituto Colombiano de Cultura Hispanicac1983 a458 páginas04aCiencias naturales04aExpedición botánicaxHistoriazColombia04aExpediciones científicaszColombia